00565nam a2200157Ia 4500008004100000041000800041082001600049100002200065245010100087260003000188300001900218365000900237520002900246999001700275952011500292240719s9999 xx 000 0 und d aeng a658.311 SMA aSmart, Bradford D aTopgrading For Sales World-Class Methods To Interview, Hire, And Coach Top Sales Representatives aNew YorkbPortfolioc2008 a113;. P. 21 Cm cb60 aGifted By : IMT Faculty  c41386d41386 00104070aIMTNbIMTNcRack 26-Ad2023-07-17o658.311 SMAp33081r2024-07-19 00:00:00w2024-07-19yBKzGifted